Air Guitar Nation (Record no. 333108)
[ view plain ]
| 000 -LEADER | |
|---|---|
| fixed length control field | 00517nam a2200097Ia 4500 |
| 008 - FIXED-LENGTH DATA ELEMENTS--GENERAL INFORMATION | |
| fixed length control field | 170517s9999 xx 000 0 und d |
| 245 ## - TITLE STATEMENT | |
| Title | Air Guitar Nation |
| 300 ## - PHYSICAL DESCRIPTION | |
| Extent | In this documentary from filmmaker Alexandra Lipsitz, the cameras roll to capture the fierce competitive spirit that defined the first annual U.S. Air Guitar Championship. Staged in Finland and featuring some of the fastest-fingered shredders on the planet, the U.S.... |
| 650 ## - SUBJECT ADDED ENTRY--TOPICAL TERM | |
| General subdivision | Art. |
| 856 ## - ELECTRONIC LOCATION AND ACCESS | |
| Uniform Resource Identifier | <a href="http://topdocumentaryfilms.com/air-guitar-nation/">http://topdocumentaryfilms.com/air-guitar-nation/</a> |
| Withdrawn status | Lost status | Damaged status | Home library | Current library | Date acquired | Total Checkouts | Date last seen | Price effective from | Koha item type |
|---|---|---|---|---|---|---|---|---|---|
| College Library | College Library | 05/17/2017 | 05/17/2017 | 05/17/2017 | Documentary Films |